000 00421nam a2200169Ia 4500
003 LK-CoDNM
008 010623t xxu||||| |||| 00| 1 sin d
040 _aLK-CoDNM
_dLK-CoDNM
_eLK-CoDNM
041 _asin
080 _a001
_bPRA
100 _aPranandu,F.D
245 _aදැනුමයි වාසනාවයි
246 _aDanumai Wasanawai
300 _b21 cm cm
650 _aGeneral Knowledge
942 _cBK
999 _c138626
_d138626